The All England Law Reports (incorporating the law times reports and the law journal reports) of cases determined in the house of lords(1954 vol 1): The privy council, the court of appeal, all divisions of the high court and courts of special jurisdiction . / (Record no. 4161)

MARC details
000 -LEADER
fixed length control field 00749nam a22001697a 4500
008 - FIXED-LENGTH DATA ELEMENTS--GENERAL INFORMATION
fixed length control field 140904b xxu||||| |||| 00| 0 eng d
020 ## - INTERNATIONAL STANDARD BOOK NUMBER
International Standard Book Number 040685159x
050 ## - LIBRARY OF CONGRESS CALL NUMBER
Classification number KD288.A64(1954 vol 1)
245 ## - TITLE STATEMENT
Title The All England Law Reports (incorporating the law times reports and the law journal reports) of cases determined in the house of lords(1954 vol 1): The privy council, the court of appeal, all divisions of the high court and courts of special jurisdiction . /
Statement of responsibility, etc. edited by G. F. L. Bridgman.
260 ## - PUBLICATION, DISTRIBUTION, ETC.
Place of publication, distribution, etc. London:
Name of publisher, distributor, etc. Butterworth & Co. Ltd,
Date of publication, distribution, etc. 1954.
300 ## - PHYSICAL DESCRIPTION
Extent xxvi, 1040p.:
Dimensions 24cm.
440 ## - SERIES STATEMENT/ADDED ENTRY--TITLE
Name of part/section of a work The All england law reports 1954.
Volume/sequential designation vol 1
700 ## - ADDED ENTRY--PERSONAL NAME
Personal name Bridgman, G. F. L.
700 ## - ADDED ENTRY--PERSONAL NAME
Personal name Christie, Harold.
700 ## - ADDED ENTRY--PERSONAL NAME
Personal name King, Cyril.
942 ## - ADDED ENTRY ELEMENTS (KOHA)
Source of classification or shelving scheme Library of Congress Classification
Koha item type Books
Holdings
Withdrawn status Lost status Source of classification or shelving scheme Damaged status Not for loan Home library Current library Shelving location Date acquired Total Checkouts Full call number Barcode Date last seen Copy number Price effective from Koha item type
    Library of Congress Classification     WISCONSIN INTERNATIONAL UNIVERSITY COLLEGE, GHANA - MAIN LIBRARY WISCONSIN INTERNATIONAL UNIVERSITY COLLEGE, GHANA - MAIN LIBRARY Law Library 04/09/2014   KD288.A64(1954 vol 1) 2127/1124/14 04/09/2014 1 04/09/2014 Books

If you have any concerns or questions; kindly contact the library


© Powered by WIUC ICT DIRECTORATE